Museu Maricel de Mar : Sitges Sitges
Publicado:
[Barcelona] :
Servicio de Museos y Servicio de Promoción del Trusimo de la Diputación Provincial de Barcelona, [197 - ?]
Descripción Física:
[12] p. : il., algunes col. ; 21 cm
MARC
| LEADER | 00000nam a2200000Ia 4500 | ||
|---|---|---|---|
| 001 | 18961 | ||
| 003 | BGR | ||
| 005 | 20260324175559.0 | ||
| 008 | 160829s9999 xx 000 0 cat d | ||
| 080 | |a FU-1-12 | ||
| 100 | |a Maricel (Museu) |9 34000 | ||
| 245 | |a Museu Maricel de Mar : |b Sitges | ||
| 260 | |a [Barcelona] : |b Servicio de Museos y Servicio de Promoción del Trusimo de la Diputación Provincial de Barcelona, [197 - ?] | ||
| 300 | |a [12] p. : |b il., algunes col. ; |c 21 cm | ||
| 490 | |a Folletos monográficos singulares de arte.Serie I-6 ; 9 | ||
| 590 | |a Hi ha un exemplar en català amb R. 14899 | ||
| 650 | |a Maricel (Museu) |x Guies |9 34001 | ||
| 650 | |a Museus |x Sitges |x Guies |9 30101 | ||
| 710 | 1 | |a Barcelona (Catalunya : Província). |b Diputació |b Servei de Museus |9 52408 | |
| 710 | 1 | |a Barcelona (Catalunya : Província). |b Diputació |b Servei de Promoció del Turisme |9 52408 | |
| 901 | |a Arxiu | ||
| 942 | |n 1 |2 udc |c MON | ||
| 952 | |0 0 |1 0 |4 0 |6 FU112 |7 1 |9 46337 |a Arxiu |b Arxiu |d 2016-12-01 |l 0 |o FU-1-12 |p 18961 |r 2016-12-01 00:00:00 |w 2016-12-01 |y ARXIU | ||
| 999 | |c 50122 |d 50122 | ||